=LDR 00000nam 2200000 4500 =001 INLIS000000000006054 =005 20251031102529 =035 ##$$a 0010-1025001109 =007 ta =008 251031###########################0#ind## =082 ##$$a 361.8 =084 ##$$a 361.8 BAD k =100 #$$a Badan Koordinasi Keluarga Berencana Nasional =245 1#$$a Keluarga Sejahtera dan Pemberdayaan Masyarakat /$c Badan Koordinasi Keluarga Berencana Nasional =260 ##$:$b Badan Koordinasi Keluarga Berencana Nasional =300 ##$$a 23 Hal : $b Ilus ; $c 21 =650 #4$$a Keluarga Berencana =856 ##$$a Perpustakaan Kemendukbangga